| 000 | 00493nam a22001817a 4500 | ||
|---|---|---|---|
| 999 |
_c11273 _d11273 |
||
| 003 | AR-CdUCM | ||
| 008 | 190403b ||||| |||| 00| 0 spa d | ||
| 040 |
_aMUNICIPALIDAD PROVINCIAL DEL CUSCO _cBIBLIOTECA MUNICIPAL DEL CUSCO |
||
| 082 |
_a866.41 / _bV24 / 1958 |
||
| 100 |
_aVallejo, Cesar _913046 |
||
| 245 | _aTungsteno / | ||
| 260 |
_aLima : _bMinerva. _c1958. |
||
| 300 |
_a117 páginas ; _c18 cm. |
||
| 505 | _aNovela. | ||
| 650 |
_aNovela. _95 |
||
| 942 |
_2ddc _cLIBROS |
||
| 945 | _awfj | ||